| 000 | 00455nab a2200145Ia 4500 | ||
|---|---|---|---|
| 003 | ES-SlBCS | ||
| 005 | 20210601125244.0 | ||
| 008 | 140529s1981 xxu||||| |||| 00| 0 eng d | ||
| 041 | _aeng | ||
| 100 | 1 |
_aStack, George J. _950154 |
|
| 245 | 0 | 4 |
_aThe Phenomenon on the Look _c George J. Stack, Robert W. Plant |
| 700 | 1 |
_aPlant, Robert W. _9156028 |
|
| 773 | 0 |
_tPhilosophy and Phenomenological Research _gvol. 42, 1981, págs. 359-373 _wRev1411 |
|
| 942 | _cAR | ||
| 999 |
_c527324 _d527324 |
||